| 000 | 00386nam a22001457a 4500 | ||
|---|---|---|---|
| 020 | _a9780070151475 | ||
| 082 |
_a576 _bPEL/MI |
||
| 100 | _aPelczar, Michael J, Jr. | ||
| 245 | _aMicrobiology: An application based approach | ||
| 260 |
_aNew Delhi _bTata McGraw hill Education Private Limited _c2010 |
||
| 300 | _a897 | ||
| 700 | _aChan, E.C.S | ||
| 700 | _aKrieg, Noel R | ||
| 942 | _cBK | ||
| 999 |
_c13632 _d13632 |
||